[Event "Graz op-B"]
[Site "Graz"]
[Date "2015.02.17"]
[Round "6"]
[White "Riedrich, Hannes"]
[Black "Zuchart, Manfred"]
[Result "0-1"]
[WhiteElo "1891"]
[BlackElo "1920"]
[PlyCount "118"]
[EventDate "2015.02.13"]
[EventType "swiss"]
[EventRounds "9"]
[EventCountry "AUT"]
[SourceTitle "CBM 165 Extra"]
[Source "ChessBase"]
[SourceDate "2015.04.21"]
[SourceVersion "1"]
[SourceVersionDate "2015.04.21"]
[SourceQuality "1"]

1. e4 d5 2. exd5 Nf6 3. Bb5+ Bd7 4. Bc4 Bg4 5. f3 Bf5 6. Nc3 Nbd7 7. d4 Nb6 8. Bb3 Nfxd5 9. Nge2 e6 10. Ne4 c6 11. c4 Bb4+ 12. Kf1 Bxe4 13. fxe4 Qf6+ 14. Kg1 Ne7 15. a3 Ba5 16. h4 g6 17. Bh6 e5 18. Bg5 Qg7 19. d5 Nd7 20. Ba4 Bb6+ 21. Kh2 f6 22. Bd2 Nc5 23. Bc2 g5 24. b4 Nd7 25. c5 Bd8 26. d6 Ng6 27. h5 Nf4 28. Ng3 h6 29. Nf5 Qh7 30. Bb3 Nf8 31. Be3 N4e6 32. Qc2 Ng7 33. Ng3 Nge6 34. Rad1 Qd7 35. Nf5 Kf7 36. Qa2 Kg8 37. Rhf1 Kh7 38. g3 Ng7 39. g4 Nfe6 40. Rf3 Nxf5 41. Rxf5 Ng7 42. Rdf1 Nxf5 43. exf5 a5 44. Bd2 axb4 45. Bxb4 b6 46. Bf7 Rf8 47. Be6 Qg7 48. Rc1 b5 49. Qg2 Qb7 50. Qd2 Kg7 51. Qc3 Qa6 52. Rc2 Ba5 53. Qf3 Bxb4 54. axb4 Qa4 55. Rb2 Qa1 56. Qg2 Ra3 57. Rd2 Qe1 58. Qf2 Qe4 59. Qg2 Qf4+ 0-1

[Event "Styrian op-B"]
[Site "Bad Gleichenberg"]
[Date "2014.07.06"]
[Round "2"]
[White "Riedrich, Hannes"]
[Black "Parragi, Istvan"]
[Result "1-0"]
[WhiteElo "1860"]
[BlackElo "1938"]
[PlyCount "101"]
[EventDate "2014.07.05"]
[EventType "swiss"]
[EventRounds "9"]
[EventCountry "AUT"]
[SourceTitle "EXT 2016"]
[Source "ChessBase"]
[SourceDate "2015.10.08"]
[SourceVersion "1"]
[SourceVersionDate "2015.10.08"]
[SourceQuality "1"]

1. e4 c5 2. Nf3 e6 3. d4 cxd4 4. Nxd4 a6 5. Nc3 Qc7 6. Be3 Nf6 7. a3 b5 8. f3 h5 9. Be2 Bb7 10. 0-0 Bc5 11. Bf2 Nc6 12. Nxc6 Bxf2+ 13. Rxf2 Bxc6 14. Qd2 d6 15. Rd1 Rd8 16. Qg5 Rh6 17. Qe3 e5 18. Bf1 h4 19. Qg5 Kf8 20. Qe3 Rg6 21. Rfd2 Nh5 22. Ne2 Qe7 23. Kh1 Kg8 24. c3 Qb7 25. Qf2 Qe7 26. Qe3 Nf6 27. Qb6 Nxe4 28. fxe4 Bxe4 29. Qe3 f5 30. Ng1 d5 31. Bd3 f4 32. Qh3 Rf8 33. Bxe4 dxe4 34. Qd7 Qg5 35. Qd5+ Kh7 36. Qxe4 Kh6 37. Nf3 Qh5 38. Qxe5 Qg4 39. Qe7 Rgf6 40. Qd7 Qh5 41. Rd5 Qg6 42. Nxh4 Qe4 43. Nf3 Re6 44. Rd6 Rff6 45. Rxe6 Rxe6 46. Qd8 Rf6 47. Qd5 Qe7 48. Qg5+ Kh7 49. Qh4+ Kg8 50. Qh5 g6 51. Qd5+ 1-0

[Event "Graz Casino op-B"]
[Site "Graz"]
[Date "2014.02.17"]
[Round "5"]
[White "Kerschenbauer, Franz"]
[Black "Riedrich, Hannes"]
[Result "1/2-1/2"]
[WhiteElo "1868"]
[BlackElo "1845"]
[PlyCount "60"]
[EventDate "2014.02.14"]
[EventType "swiss"]
[EventRounds "9"]
[EventCountry "AUT"]
[SourceTitle "CBM 158 Extra"]
[Source "ChessBase"]
[SourceDate "2014.02.28"]
[SourceVersion "1"]
[SourceVersionDate "2014.02.28"]
[SourceQuality "1"]

1. d4 d5 2. c4 c6 3. Nc3 Nf6 4. cxd5 cxd5 5. Bf4 Nc6 6. e3 Qa5 7. Bb5 Bd7 8. a3 Rc8 9. Nge2 e6 10. 0-0 Be7 11. b4 Qb6 12. Bd3 Nh5 13. Na4 Qd8 14. Nc5 Nxf4 15. Nxf4 b6 16. Nxd7 Qxd7 17. Bb5 0-0 18. Qa4 Rc7 19. Rac1 Rfc8 20. Ba6 Rd8 21. Rc2 Nb8 22. Bb5 Qd6 23. Rfc1 Rdc8 24. Bd3 Nd7 25. Ba6 Rxc2 26. Rxc2 Rxc2 27. Qxc2 Nf8 28. Qc8 Qd7 29. Qxd7 Nxd7 30. Ne2 Bd6 1/2-1/2

[Event "Graz Casino op-B"]
[Site "Graz"]
[Date "2014.02.15"]
[Round "2"]
[White "Grosse, Manfred"]
[Black "Riedrich, Hannes"]
[Result "0-1"]
[WhiteElo "1983"]
[BlackElo "1845"]
[PlyCount "68"]
[EventDate "2014.02.14"]
[EventType "swiss"]
[EventRounds "9"]
[EventCountry "AUT"]
[SourceTitle "CBM 158 Extra"]
[Source "ChessBase"]
[SourceDate "2014.02.28"]
[SourceVersion "1"]
[SourceVersionDate "2014.02.28"]
[SourceQuality "1"]

1. c4 e5 2. Nc3 Nf6 3. g3 d5 4. cxd5 Nxd5 5. Bg2 c6 6. d3 Be6 7. Nf3 f6 8. 0-0 Be7 9. e4 Nb6 10. Be3 c5 11. Nh4 Qd7 12. Nf5 Bf8 13. f4 Nc6 14. Na4 Nxa4 15. Qxa4 g6 16. Nh4 Qxd3 17. Bf2 Qd7 18. f5 Bf7 19. fxg6 hxg6 20. Rad1 Nd4 21. Qa5 b6 22. Qa6 Be7 23. Be3 Qc8 24. Qd3 Qg4 25. Bxd4 cxd4 26. Rc1 Qd7 27. Rf2 Rc8 28. Rcf1 g5 29. Nf5 Bc4 30. Qf3 Bxf1 31. Bxf1 Kd8 32. Qb3 d3 33. Bxd3 Bc5 34. Bb5 Qd2 0-1

[Event "Graz-ch B"]
[Site "Graz"]
[Date "2011.01.09"]
[Round "3"]
[White "Riedrich, Hannes"]
[Black "Bashotaj, Ramiz"]
[Result "1-0"]
[WhiteElo "1584"]
[BlackElo "2002"]
[PlyCount "35"]
[EventDate "2011.01.07"]
[EventType "swiss"]
[EventRounds "7"]
[EventCountry "AUT"]
[SourceTitle "EXT 2024"]
[Source "ChessBase"]
[SourceDate "2023.10.10"]
[SourceVersion "1"]
[SourceVersionDate "2023.10.10"]
[SourceQuality "1"]

1. e4 d6 2. d4 Nf6 3. Nc3 g6 4. Bg5 Bg7 5. Nf3 0-0 6. Qd2 Re8 7. 0-0-0 Nbd7 8. Bh6 Bh8 9. Bc4 e5 10. Ng5 Re7 11. f3 exd4 12. Qxd4 Ng4 13. Bxf7+ Rxf7 14. Qxh8+ Kxh8 15. Nxf7+ Kg8 16. Nxd8 Nf2 17. Ne6 Nxh1 18. Rxh1 1-0

[Event "Graz-ch B"]
[Site "Graz"]
[Date "2011.01.08"]
[Round "2"]
[White "Haas, Bernhard"]
[Black "Riedrich, Hannes"]
[Result "0-1"]
[WhiteElo "1773"]
[BlackElo "1584"]
[PlyCount "92"]
[EventDate "2011.01.07"]
[EventType "swiss"]
[EventRounds "7"]
[EventCountry "AUT"]
[SourceTitle "EXT 2024"]
[Source "ChessBase"]
[SourceDate "2023.10.10"]
[SourceVersion "1"]
[SourceVersionDate "2023.10.10"]
[SourceQuality "1"]

1. e4 e5 2. Bc4 Nc6 3. a3 Nf6 4. d3 Bc5 5. Nf3 d6 6. 0-0 Bg4 7. c3 a6 8. Be3 Bxe3 9. fxe3 b5 10. Ba2 Bh5 11. h3 h6 12. Nbd2 0-0 13. Qe1 d5 14. exd5 Nxd5 15. Qf2 Bg6 16. d4 Bd3 17. Rfe1 e4 18. Nh2 Kh8 19. Bb1 Bxb1 20. Raxb1 f5 21. Qe2 Qg5 22. Nhf1 Rf6 23. Qf2 Rg6 24. Re2 Re8 25. h4 Qf6 26. Ng3 Nce7 27. Nh5 Qd6 28. Rf1 Rg4 29. Nf4 Nxf4 30. exf4 Nd5 31. g3 Nxf4 32. Qxf4 Rxf4 33. Rxf4 g6 34. Nf3 Kg7 35. Ne5 c5 36. Nf3 g5 37. hxg5 hxg5 38. Nxg5 cxd4 39. cxd4 Qxd4+ 40. Kg2 Kg6 41. Nh3 Qd1 42. Ng1 Rc8 43. Ref2 Rc1 44. Rf1 Rc2+ 45. R1f2 e3 46. Rxc2 Qxc2+ 0-1